000 00636nam a2200229Ia 4500
003 OSt
005 20220923230408.0
006 a|||||r|||| 00| 0
007 ta
008 220922b |||||||| |||| 00| 0 hin d
024 _a280,831
037 _cTextual
040 _aARTS
_cARTS
_bhin
041 _2hin
_ahin
082 _aV2:72:C, 152K5
100 _aपाण्डेय, राजवली
245 0 _aअशोकके अभिलेख
246 _aAshokake abhilekha
260 _c1965
942 _hV2:72:C, 152K5
_cTEXL
_2CC
999 _c384535
_d384535